000 00247nam a22001097a 4500
008 170111b xxu||||| |||| 00| 0 eng d
020 _a9780801677458
041 _aeng
080 _a618.2
245 _aNURSING CARE PLANS
_cGULANICK
942 _2udc
_cBK
999 _c2731
_d2731